000 01461nam a2200361 i 4500
003 EG-GICUC
005 20260121101533.0
008 251223s1989 ua ||||fr|||| 000 0 ara d
017 _a89/2801
020 _a977-08-0265-4
040 _a EG-GICUC
_bara
_c EG-GICUC
_d EG-GICUC
_erda
041 _aara
082 0 4 _221
_a343.525
_bم ح . ج
092 0 4 _221
099 _aLaw1 10 343.525 م ح . ج 1 ed - 1989
100 0 _aمحمد عبدالمنعم عبدالخالق
_eمؤلف.
245 1 2 _aالجرائم الدولية :
_bدراسة تأصيلية للجرائم ضد الإنسانية والسلام وجرائم الحرب /
_cدكتور محمد عبدالمنعم عبدالخالق.
250 _aالطبعة الاولى
264 1 _aالقاهرة :
_bمكتبة دار المهضة العربية,
_c1989.
300 _a503 صفحة ؛
_c24 سم
_bإيضاحيات، صور، مثيليات ؛
336 _2rda content
_atext
337 _2rda media
_aComputer
338 _2rda carrier
_aOnline Resource
504 _a. 492-473 ببليوجرافيا: صفحات.
546 _aالنص باللغة العربية
650 1 4 _aصور الجرائم الدولية
_2qrmak
650 1 4 _aالجرائم الدولية
_2qrmak
650 1 4 _aأركان الجريمة الدولية
_2qrmak
651 1 _2qrmak
856 4 0 _uhttps://fll.law.cu.edu.eg/fulltext/bks/B10-07190.pdf
905 _a79
942 _2ddc
_cBK
_e21
_n0
999 _c52194
_d52194